AFL Caretaker Coaches since 2010 - Statistics

General Stats
  • This quiz has been taken 14 times
  • The average score is 6 of 20
Answer Stats
Season Club Answer % Correct
2014 Hawthorn Brendon Bolton
78%
2013 Brisbane Lions Mark Harvey
78%
2021 Collingwood Robert Harvey
78%
2013 Essendon Simon Goodwin
67%
2011 Adelaide Mark Bickley
44%
2013 Melbourne Neil Craig
44%
2022 Carlton Ashley Hansen
33%
2015 Adelaide Scott Camporeale
33%
2019 Fremantle David Hale
22%
2012 Port Adelaide Garry Hocking
22%
2018 West Coast Jaymie Graham
22%
2022 Fremantle Jaymie Graham
22%
2015 Carlton John Barker
22%
2022 Essendon Blake Caracella
11%
2015 North Melbourne Darren Crocker
11%
2016 North Melbourne Darren Crocker
11%
2017 Gold Coast Dean Solomon
11%
2011 Western Bulldogs Paul Williams
11%
2011 Melbourne Todd Viney
11%
2013 Port Adelaide Alan Richardson
0%
No matching quizzes found
Score Distribution
Percent of People with Each Score
Percentile by Number Answered
Your Score History
You have not taken this quiz